00869 a2200193 4500020001600000082001000016090001500026100002200041245008800063260004100151300002500192500005000217650004100267700004400308942001800352999001500370952015800385952013200543 a 0671712837 a158.1 c3120d3120 aCovey, Stephen R. aFirst things first : to live, to love, to learn, to leave a legacycStephen R.Covey a New York :bSimon & Schustercc1994 a360 p.b ill.c25 cm aIncludes bibliographical references and index a1.Conduct of life.2. Time management a1.A. Roger Merrill .2.Rebecca R Merrill cBKk158.1 COV c7035d7035 001040708FICaCLbCLcFICd2004-11-11eAcademic Book Companyg607.50l7m1o158.1 COVpSEECS005039q2018-12-18r2018-11-18s2018-11-18w2017-01-05yBK 001040708NFICaCLbCLcGENd2006-11-27eDonationg0.00l7m3o158.1 COVpSEECS007821r2026-04-14s2025-04-09w2017-01-05yBK